MARC

LEADER 00000nam0a2200000 4500
001 253163
005 20231101232821.0
010 |a 5060003795 
020 |a RU  |b 84-22424 
035 |a (RuTPU)RU\TPU\book\275547 
090 |a 253163 
100 |a 20140312d1989 m y0rusy5003 ca 
101 0 |a rus 
102 |a RU 
105 |a a j 001zy 
200 1 |a Устройство и монтаж санитарно-технических систем зданий  |e учебник  |f В. Н. Исаев, В. И. Сасин 
210 |a Москва  |c Высшая школа  |d 1989 
215 |a 352 с.  |c ил. 
606 1 |a Санитарно-технические работы  |2 stltpush  |3 (RuTPU)RU\TPU\subj\53797  |9 71962 
610 1 |a санитарно-технические системы 
610 1 |a отопление 
610 1 |a водоснабжение 
610 1 |a канализация 
610 1 |a газоснабжение 
610 1 |a электрогазосварка 
610 1 |a монтажно-сборочные работы 
610 1 |a учебные пособия 
675 |a 696/697(075.32)  |v 3 
700 1 |a Исаев  |b В. Н.  |g Вячеслав Николаевич 
701 1 |a Сасин  |b В. И.  |g Виталий Иванович 
801 0 |a RU  |b RuMRKP  |c 19950704  |g psbo 
801 1 |a RU  |b 63413507  |c 20140312 
801 2 |a RU  |b 63413507  |c 20140514  |g RCR 
942 |c BK